000 01697nam a2200325Ia 4500
999 _c46232
_d46232
001 13065
003 GE_BSU
005 20240822161308.0
008 181216s2014||||ge |||||||||||||| ||geo||
020 _a9789941063145
040 _cGE_BSU
041 _ageo
080 _a638.1(075.32) მ-42
100 _aმაძღარაშვილი, გ.
_923106
245 _aმეფუტკრეობა :
_b[სახელმძღვ.] /
_cგ. მაძღარაშვილი ; სარედ. კოლ. : ნანა მაისურაძე [და სხვ.].
250 _aმე-2 გამოცემა
264 _aთბილისი :
_bშპს ”ჯეო-პრინტი 2010”,
_c2014.
300 _a171 გვ. :
_bილ. ;
_c29 სმ.
500 _aდაფინანსებულია ევროკომისიის მიერ
500 _aტერმინოლ. განმარტებებ: გვ. 5-10
504 _aბიბლიოგრ. თავების ბოლოს
520 _aაჭარა-სოფლის-მეურნ.განვით.მხარდაჭერა აჭარის ავტ. რესპუბლიკაში
541 _h15ლ.83თ.
653 _aმეფუტკრეობა
653 _aსახელმძღვანელოები
700 _aმაისურაძე, ნანა
_eრედაქტორი
_9857
700 _aფეიქრიშვილი, მაია
_eრედაქტორი
_914259
700 _aგაგოშიძე, ლაშა
_eრედაქტორი
_923107
942 _cBK
_2udc